| 000 | 00603cab a2200217 4500 | ||
|---|---|---|---|
| 001 | WB3017-16 | ||
| 008 | 090401t1994 xxu||||| |||| 00| 0 eng d | ||
| 035 | _a(Sirsi) u41772 | ||
| 041 | _aeng | ||
| 245 | _aNo more nasty doorways | ||
| 260 | _c1994 | ||
| 350 | _a0 | ||
| 490 |
_aIndependent _v4 May 1994, 20(1) |
||
| 520 | _aLocal authorities will soon be able to veto inappropriate decoration of houses in conservation areas. | ||
| 650 | _aAESTHETIC CONTROL | ||
| 650 | _aCONSERVATION AREAS | ||
| 650 | _aEXTERNAL DECORATION | ||
| 690 | _aCONSERVATION | ||
| 942 | _n0 | ||
| 948 | _c04/03/1997 | ||
| 999 |
_c26816 _d26816 |
||